000 00585nam a2200169 a 4500
005 20231013063556.0
008 991125s1890 mx 000 0 spa u
035 _aUPN01000009913
049 _aLT
050 4 _aLB1583 M6
_bG3.4 1890
100 1 _aGarcía Cubas, Antonio,
_d1832-1912
_930210
245 1 0 _aCompendio de geografía universal :
_bpara uso de los establecimientos de instrucción primaria /
_cAntonio García Cubas.
260 _aMéxico :
_bMurguía,
_c1890.
300 _a190, [2] p. :
_bil.
650 4 _aGeografía
_xEstudio y enseñanza (Elemental)
_92801
905 _aLibro
999 _c9913
_d9913